banner-ar

CAUCASIAN CARPETS &?COVERS THE WEAVING CULTURE / (Record no. 10265)

MARC details
000 -الفاتح
حقل البيانات ثابتة الطول 00519nam a2200193Ia 4500
008 - عناصر البيانات ثابتة الطول - معلومات عامة
حقل البيانات ثابتة الطول 140319s9999 xx 000 0 eng d
040 ## - مصدر الفهرسة
وكالة الفهرسة الأصلية GCL /
وكالة النسخ GCL
082 04 - رقم تصنيف ديوى العشرى
رقم التصنيف 746.72
رقم المادة W C
100 1# - المدخل الرئيسى - إسم شخصى
الإسم الشخصى WRIGHT, RICHAED E.
245 10 - بيان العنوان
العنوان CAUCASIAN CARPETS &?COVERS THE WEAVING CULTURE /
بيان المسئوليه,etc WRIGHT, RICHAED E.
700 1# - المدخل الاضافى - اسم شخصى
الإسم الشخصى WETINE, JOHN
260 ## - PUBLICATION, DISTRIBUTION, ETC. (IMPRINT)
تاريخ النشر أو التوزيع 1995
300 ## - الوصف المادى
التعداد 184 P
650 04 - المدخل الاضافى بالموضوع-مصطلح موضوعى
مصطلح موضوعي CARPETS
650 04 - المدخل الاضافى بالموضوع-مصطلح موضوعى
مصطلح موضوعي CAUCASIAN CARPETS
650 04 - المدخل الاضافى بالموضوع-مصطلح موضوعى
مصطلح موضوعي COVERS
942 ## - عناصر المدخل الإضافي( كوها)
مصدر التصنيف او مخطط الترفيف Dewey Decimal Classification
Koha [default] item type كتاب
260 ## - PUBLICATION, DISTRIBUTION, ETC. (IMPRINT)
-- [S.N] :
-- HALI PUBLICATIONS LIMITED ،
Holdings
حالة التراجع حالة الفقد حالة تلف ليس للاعارة المكان المؤقت الموقع الحالى تاريخ الاكتساب اجمالي اﻻعارات رقم الطلب الباركود تاريخ اخر مشاهدة تاريخ تفعيل السعر نوع وعاء كوها
        مكتبة القاهرة الكبرى مكتبة القاهرة الكبرى 03/26/2014   746.72\W C 20905 03/26/2014 03/26/2014 كتاب

Powered By

EGPV